Využitie internetu v distribučnom manažmente masmédií

Využitie internetu ako komunikačného a distribučného prostriedku pre masmédiá. Využitie internetovej distribúcie digitalizovateľných produktov. Analýza vzájomných vzťahov distribúcie a ostatných nástrojov marketingu. Faktory rozhodovania o distribúcii prostredníctvom internetu a inovácie v distribuč...

Ausführliche Beschreibung

Gespeichert in:
Bibliographische Detailangaben
1. Verfasser: Mariaš, Miroslav
Weitere Verfasser: Dzurová, Mária
Format: Buchkapitel
Sprache:Slowakisch
Schlagworte:
Tags: Tag hinzufügen
Keine Tags, Fügen Sie das erste Tag hinzu!

MARC

LEADER 00000naa$a2200000$$$4500
001 0069379
005 20240502071834.7
041 0 |a slo 
044 |a SK 
245 1 0 |a Využitie internetu v distribučnom manažmente masmédií  |c Miroslav Mariaš, Mária Dzurová 
520 |a Využitie internetu ako komunikačného a distribučného prostriedku pre masmédiá. Využitie internetovej distribúcie digitalizovateľných produktov. Analýza vzájomných vzťahov distribúcie a ostatných nástrojov marketingu. Faktory rozhodovania o distribúcii prostredníctvom internetu a inovácie v distribučnom manažmente. 
610 2 0 |a internet 
610 2 0 |a komunikácia 
610 2 0 |a médiá 
610 2 0 |a komunikácia masová 
610 2 0 |a distribúcia informácií 
610 2 0 |a prostriedky masovokomunikačné 
100 1 |a Mariaš, Miroslav 
700 1 |a Dzurová, Mária